Bursa’nın yetiştirdiği bir değer Metin Güven / (Kayıt no. 9699)

MARC ayrıntıları
000 -BAŞLIK
Sabit Uzunluktaki Kontrol Alanı 00554nam a22001937a 4500
003 - KONTROL NUMARASI KİMLİĞİ
Kontrol Alanı KOHA_MİRAKIL
005 - EN SON İŞLEM TARİHİ ve ZAMANI
Kontrol Alanı 20251209073702.0
008 - SABİT UZUNLUKTAKİ VERİ ÖGELERİ - GENEL BİLGİ
Sabit Alan 251209b tu ||||| |||| 00| 0 tur d
020 ## - ISBN - ULUSLARARASI STANDART KİTAP NUMARASI
Isbn 9786059897884
040 ## - KATALOGLAMA KAYNAĞI
Özgün Kataloglama Kurumu TR-AnABB
Kataloglama Dili tur
Çeviri Kurumu TR-AnABB
041 ## - DİL KODU
Metin ya da ses kaydının dil kodu tur
082 ## - DEWEY ONU SINIFLAMA SİSTEMİ
Sınıflama Numarası 928.94335
Cutter numarası KAR 2023
100 1# - KİŞİ ADI
Yazar Adı (Kişi adı) Karagöz, Melih,
245 10 - ESER ADI BİLDİRİMİ
Başlık Bursa’nın yetiştirdiği bir değer Metin Güven /
Sorumluluk Bildirimi Melih Karagöz
260 ## - YAYIN, DAĞITIM, VB.
Yayın Yeri Bursa :
Yayınevi Nilüfer Belediyesi,
Yayın Tarihi 2023
300 ## - FİZİKSEL TANIMLAMA
Sayfa, Cilt vb. 199 sayfa ;
Boyutları 23 cm
650 04 - KONU BAŞLIĞI EK GİRİŞ - KONU TERİMİ
Konusal terim veya coğrafi ad Biyografi
942 ## - EK GİRİŞ ÖGELERİ (KOHA)
Sınıflama Kaynağı Dewey Decimal Classification
Materyal Türü Kitap
900 ## - YEREL BİLGİ
Kontrol Gizem YORULMAZ
Mevcut
Geri Çekilme Durumu Kayıp Durumu Sınıflandırma Kaynağı Kredi için değil Kalıcı Konum Mevcut Konum Kayıt Tarih Toplam Ödünçverme Yer Numarası Demirbaş Numarası Son Görülme Tarihi Fatura Tarihi Materyal Türü
    Dewey Decimal Classification   Büyükşehir Genç Akademi Batıkent Büyükşehir Genç Akademi Batıkent 09/12/2025   928.94335 KAR 2023 ABB125917 09/12/2025 09/12/2025 Kitap